| 000 | 02760nam a2200445 i 4500 | ||
|---|---|---|---|
| 001 | 193484 | ||
| 003 | SpMaBN | ||
| 005 | 20250815051245.0 | ||
| 007 | ta | ||
| 008 | 240102s2018 sp | |||| 001 0 spa | ||
| 017 |
_aM 29941-2023 _bOficina Depósito Legal Madrid |
||
| 020 | _a9788446054481 | ||
| 035 | _a(OCoLC)1082212812 | ||
| 035 | _aa6366724 | ||
| 040 |
_aSpMaBN _bspa _cSpMaBN _erda _dES-MaACL |
||
| 080 | _a27-31-144.894 | ||
| 080 | _a27-312 | ||
| 100 | 1 |
_aBermejo Rubio, Fernando _9234785 |
|
| 245 | 1 | 3 |
_aLa invención de Jesús de Nazaret : _bhistoria, ficción, historiografía / _cFernando Bermejo Rubio. |
| 250 | _aEdición ampliada y actualizada | ||
| 264 | 1 |
_aTres Cantos, Madrid, España : _bSiglo XXI de España Editores, S.A., _c2023 |
|
| 264 | 4 | _c©2023 | |
| 300 |
_a796 páginas ; _c22 cm |
||
| 336 |
_aTexto _2rdacontent |
||
| 337 |
_asin mediación _2rdamedia |
||
| 338 |
_avolumen _2rdacarrier |
||
| 490 | 1 |
_aVarios Siglo XXI ; _v1236 |
|
| 504 | _aBibliografía: páginas 695-748. Índices | ||
| 520 | _a En tiempos del emperador Tiberio, un judío que predicaba la llegada del reino de Dios fue crucificado en Jerusalén por orden del prefecto romano Poncio Pilato. Este fue el inicio de un proceso que acabaría presentando a Jesús como un ser divino. Que esta glorificación prosiga hasta hoy exige del pensamiento crítico un exhaustivo ejercicio de examen y estudio. ¿Cabe distinguir la realidad del relato heredado? ¿Tienen algo en común el Cristo de la tradición y el Jesús que la investigación histórica desvela? ¿Cómo se explica la divinización del personaje en la cuenca mediterránea del siglo I? ¿Es posible hallar un sentido a la proliferación de obras sobre el «Jesús histórico»? Tras una extensa investigación que goza de difusión e impacto internacionales, Fernando Bermejo Rubio responde de modo iluminador a todas estas cuestiones. En La invención de Jesús de Nazaret, el historiador de las religiones hace inteligible tanto la figura de Jesús como la construcción cultural que subyace al Cristo de la fe. | ||
| 600 | 0 | 4 |
_aJesucristo- _xDivinidad _2embne _966365 |
| 600 | 0 | 4 |
_aJesucristo- _xHistoricidad _2embne _966367 |
| 830 | 0 |
_aVarios (Siglo XXI) _v1236 _9234786 |
|
| 852 |
_aES-MaACL _bR.154899 _cDEPOJ _jN-9661 _hDonación: Fernando Bermejo Rubio _9200963 _gDedicatoria autógrafa del autor _xEncuadernación cartoné con sobrecubiertas |
||
| 903 |
_9234785 _aBermejo Rubio, Fernando _ednr |
||
| 942 |
_n0 _cMONOGRAFIA |
||
| 999 |
_c193484 _d193484 |
||